Flags by Letter - D - Statistics

General Stats
  • This quiz has been taken 337 times
  • The average score is 5 of 5
Answer Stats
Picture Answer % Correct
Denmark
99%
Dominican Republic
94%
Dominica
90%
Djibouti
87%
Democratic Rep of Congo
85%
No matching quizzes found
Score Distribution
Percent of People with Each Score
Percentile by Number Answered
Your Score History
You have not taken this quiz